LIBRARY & INFORMATION CENTRE, KCAET, TAVANUR

ONLINE PUBLIC ACCESS CATALOGUE (OPAC)

Reinforced Concrete Structures- Volume -I (Record no. 14346)

MARC details
000 -LEADER
fixed length control field 00441nam a22001697a 4500
020 ## - INTERNATIONAL STANDARD BOOK NUMBER
ISBN 9788131806449
082 ## - DEWEY DECIMAL CLASSIFICATION NUMBER
Classification number 624.1834
Item number PUN/RE
100 ## - MAIN ENTRY--AUTHOR NAME
Personal name Punmia,B.C.
100 ## - MAIN ENTRY--AUTHOR NAME
Personal name Jain,Ashok Kumar
100 ## - MAIN ENTRY--AUTHOR NAME
Personal name Jain,Arun Kumar
245 ## - TITLE STATEMENT
Title Reinforced Concrete Structures- Volume -I
250 ## - EDITION STATEMENT
Edition statement 7
260 ## - PUBLICATION, DISTRIBUTION, ETC. (IMPRINT)
Place of publication New Delhi
Name of publisher Laxmi Publications (P) Ltd
Year of publication 2012
300 ## - PHYSICAL DESCRIPTION
Number of Pages 1140
500 ## - GENERAL NOTE
General note Containing 28 Chapters
942 ## - ADDED ENTRY ELEMENTS (KOHA)
Koha item type Books
Holdings
Withdrawn status Lost status Damaged status Collection code Home library Current library Shelving location Date acquired Source of acquisition Cost, normal purchase price Full call number Accession Number Koha item type
        KAUAET KAUAET General Stacks 30/03/2013 Aman Book Stall, Calicut 350.00 624.1834 PUN/RE 24106 Books
        KAUAET KAUAET General Stacks 15/07/2016 Penta Books, Calicut 475.00 624.1834 PUN/RE 24184 Books
free website counter